[Event "Kadettlandskamp NOR-SWE A 2018"]
[Site "NTG, Bærum, Norway"]
[Date "2018.12.15"]
[Round "4.4"]
[White "Kaasen, Tor Fredrik"]
[Black "Jönsson, Jacob"]
[Result "1-0"]
[WhiteTitle "IM"]
[WhiteFideId "1516647"]
[BlackFideId "1726315"]
[WhiteElo "2106"]
[BlackElo "1724"]

1. d4 {[%clk 00:15:18]} {[%emt 00:00:01]} Nf6 {[%clk 00:15:19]} 2. c4 {[%clk
00:15:27]} {[%emt 00:00:02]} e6 {[%clk 00:15:28]} 3. Nf3 {[%clk 00:15:35]}
{[%emt 00:00:03]} d5 {[%clk 00:15:37]} 4. Nc3 {[%clk 00:15:36]} {[%emt
00:00:09]} Be7 {[%clk 00:15:45]} {[%emt 00:00:01]} 5. Bf4 {[%clk 00:15:42]}
{[%emt 00:00:03]} O-O {[%clk 00:15:53]} {[%emt 00:00:03]} 6. e3 {[%clk
00:15:50]} {[%emt 00:00:02]} b6 {[%clk 00:16:01]} {[%emt 00:00:02]} 7. Bd3
{[%clk 00:15:50]} {[%emt 00:00:09]} Bb7 {[%clk 00:15:59]} {[%emt 00:00:12]} 8.
cxd5 {[%clk 00:15:57]} {[%emt 00:00:04]} Nxd5 {[%clk 00:16:00]} {[%emt
00:00:09]} 9. Nxd5 {[%clk 00:14:58]} {[%emt 00:01:08]} Qxd5 {[%clk 00:15:40]}
{[%emt 00:00:30]} 10. O-O {[%clk 00:13:52]} {[%emt 00:01:16]} c5 {[%clk
00:15:42]} {[%emt 00:00:07]} 11. dxc5 {[%clk 00:13:08]} {[%emt 00:00:55]} Bxc5
{[%clk 00:15:32]} {[%emt 00:00:20]} 12. Qc2 {[%clk 00:13:02]} {[%emt 00:00:16]}
h6 {[%clk 00:15:39]} {[%emt 00:00:03]} 13. Rfd1 {[%clk 00:13:07]} {[%emt
00:00:05]} Qh5 {[%clk 00:14:22]} {[%emt 00:01:28]} 14. Be4 {[%clk 00:12:52]}
{[%emt 00:00:25]} Bxe4 {[%clk 00:12:42]} {[%emt 00:01:49]} 15. Qxe4 {[%clk
00:13:00]} {[%emt 00:00:02]} Na6 {[%clk 00:12:50]} {[%emt 00:00:02]} 16. a3
{[%clk 00:12:35]} {[%emt 00:00:36]} Rae8 {[%clk 00:06:40]} {[%emt 00:06:20]} 17.
Qb7 {[%clk 00:12:07]} {[%emt 00:00:37]} Nb8 {[%clk 00:06:47]} {[%emt 00:00:04]}
18. b4 {[%clk 00:12:12]} {[%emt 00:00:05]} Be7 {[%clk 00:06:52]} {[%emt
00:00:05]} 19. Bxb8 {[%clk 00:12:12]} {[%emt 00:00:10]} Bf6 {[%clk 00:06:59]}
{[%emt 00:00:02]} 20. Bd6 {[%clk 00:12:07]} {[%emt 00:00:15]} Bxa1 {[%clk
00:06:31]} {[%emt 00:00:37]} 21. Rxa1 {[%clk 00:12:12]} {[%emt 00:00:05]} e5
{[%clk 00:06:20]} {[%emt 00:00:22]} 22. Bxf8 {[%clk 00:12:19]} {[%emt
00:00:03]} Kxf8 {[%clk 00:06:12]} {[%emt 00:00:19]} 23. h3 {[%clk 00:12:19]}
{[%emt 00:00:10]} Kg8 {[%clk 00:06:12]} {[%emt 00:00:09]} 24. Rc1 {[%clk
00:12:26]} {[%emt 00:00:02]} Re6 {[%clk 00:06:09]} {[%emt 00:00:13]} 25. Qxa7
{[%clk 00:11:26]} {[%emt 00:01:10]} e4 {[%clk 00:06:12]} {[%emt 00:00:08]} 26.
Nd4 {[%clk 00:10:52]} {[%emt 00:00:43]} Rg6 {[%clk 00:06:06]} {[%emt 00:00:15]}
27. Qa8+ {[%clk 00:10:55]} {[%emt 00:00:08]} Kh7 {[%clk 00:06:12]} {[%emt
00:00:04]} 28. Qxe4 {[%clk 00:11:02]} {[%emt 00:00:02]} f5 {[%clk 00:06:00]}
{[%emt 00:00:23]} 29. Qxf5 {[%clk 00:10:57]} {[%emt 00:00:15]} Qh4 {[%clk
00:05:51]} {[%emt 00:00:19]} 30. Rc6 {[%clk 00:11:03]} {[%emt 00:00:04]} 1-0

[Event "Kadettlandskamp NOR-SWE A 2018"]
[Site "NTG, Bærum, Norway"]
[Date "2018.12.15"]
[Round "4.5"]
[White "Trost, Edvin"]
[Black "Sjøberg, Isak"]
[Result "0-1"]
[WhiteFideId "1729519"]
[WhiteElo "1856"]
[BlackElo "2019"]

1. e4 {[%clk 00:15:19]} {[%emt 00:19:36]} e5 {[%clk 00:15:17]} {[%emt
00:00:03]} 2. Nf3 {[%clk 00:15:28]} {[%emt 00:00:01]} Nc6 {[%clk 00:15:26]} 3.
Bb5 {[%clk 00:15:37]} {[%emt 00:00:01]} a6 {[%clk 00:15:35]} {[%emt 00:00:01]}
4. Ba4 {[%clk 00:15:47]} Nf6 {[%clk 00:15:44]} 5. O-O {[%clk 00:15:55]} {[%emt
00:00:01]} Be7 {[%clk 00:15:53]} 6. Re1 {[%clk 00:16:04]} {[%emt 00:00:03]} b5
{[%clk 00:16:02]} 7. Bb3 {[%clk 00:16:13]} O-O {[%clk 00:16:05]} {[%emt
00:00:07]} 8. c3 {[%clk 00:16:22]} d5 {[%clk 00:16:12]} {[%emt 00:00:05]} 9. d4
{[%clk 00:16:31]} {[%emt 00:00:01]} exd4 {[%clk 00:16:04]} {[%emt 00:00:17]} 10.
e5 {[%clk 00:16:31]} {[%emt 00:00:10]} Ne4 {[%clk 00:16:13]} {[%emt 00:00:01]}
11. cxd4 {[%clk 00:16:40]} Bf5 {[%clk 00:16:17]} {[%emt 00:00:07]} 12. Nbd2
{[%clk 00:16:40]} {[%emt 00:00:11]} Nb4 {[%clk 00:16:23]} {[%emt 00:00:04]} 13.
Nf1 {[%clk 00:16:41]} {[%emt 00:00:09]} c5 {[%clk 00:16:31]} {[%emt 00:00:01]}
14. a3 {[%clk 00:16:43]} {[%emt 00:00:07]} Nc6 {[%clk 00:16:05]} {[%emt
00:00:36]} 15. dxc5 {[%clk 00:16:52]} {[%emt 00:00:02]} Bxc5 {[%clk 00:16:12]}
{[%emt 00:00:03]} 16. Ne3 {[%clk 00:16:43]} {[%emt 00:00:18]} Be6 {[%clk
00:15:54]} {[%emt 00:00:28]} 17. Bc2 {[%clk 00:16:04]} {[%emt 00:00:51]} Qb6
{[%clk 00:13:13]} {[%emt 00:02:51]} 18. b4 {[%clk 00:15:58]} {[%emt 00:00:16]}
Bd4 {[%clk 00:12:44]} {[%emt 00:00:39]} 19. Nxd4 {[%clk 00:15:55]} {[%emt
00:00:13]} Nxd4 {[%clk 00:12:53]} 20. Nxd5 {[%clk 00:15:07]} {[%emt 00:00:58]}
Bxd5 {[%clk 00:11:28]} {[%emt 00:01:34]} 21. Bxe4 {[%clk 00:15:03]} {[%emt
00:00:14]} Rad8 {[%clk 00:11:22]} {[%emt 00:00:17]} 22. Bb2 {[%clk 00:13:16]}
{[%emt 00:01:57]} Bxe4 {[%clk 00:10:29]} {[%emt 00:01:03]} 23. Rxe4 {[%clk
00:13:24]} {[%emt 00:00:02]} Ne6 {[%clk 00:10:28]} {[%emt 00:00:09]} 24. Qe2
{[%clk 00:12:35]} {[%emt 00:01:00]} Rd7 {[%clk 00:10:25]} {[%emt 00:00:13]} 25.
Rd1 {[%clk 00:12:33]} {[%emt 00:00:11]} Rxd1+ {[%clk 00:10:29]} {[%emt
00:00:06]} 26. Qxd1 {[%clk 00:12:42]} {[%emt 00:00:02]} Rd8 {[%clk 00:10:38]}
27. Qc2 {[%clk 00:12:40]} {[%emt 00:00:13]} Qc6 {[%clk 00:10:32]} {[%emt
00:00:14]} 28. Bc3 {[%clk 00:12:07]} {[%emt 00:00:44]} Nd4 {[%clk 00:07:49]}
{[%emt 00:02:53]} 29. Qd3 {[%clk 00:11:53]} {[%emt 00:00:24]} Ne6 {[%clk
00:07:35]} {[%emt 00:00:25]} 30. Qc2 {[%clk 00:11:37]} {[%emt 00:00:25]} Rc8
{[%clk 00:07:21]} {[%emt 00:00:24]} 31. Re3 {[%clk 00:11:30]} {[%emt 00:00:17]}
Nf4 {[%clk 00:07:27]} {[%emt 00:00:04]} 32. Rf3 {[%clk 00:10:58]} {[%emt
00:00:42]} Qxc3 {[%clk 00:07:07]} {[%emt 00:00:31]} 33. Qxc3 {[%clk 00:09:31]}
{[%emt 00:01:37]} Rxc3 {[%clk 00:07:02]} {[%emt 00:00:14]} 34. h4 {[%clk
00:09:17]} {[%emt 00:00:24]} Rxf3 {[%clk 00:07:05]} {[%emt 00:00:08]} 35. gxf3
{[%clk 00:09:26]} Kf8 {[%clk 00:07:11]} {[%emt 00:00:05]} 36. Kh2 {[%clk
00:09:35]} Nd3 {[%clk 00:07:18]} {[%emt 00:00:04]} 37. Kg3 {[%clk 00:09:42]}
{[%emt 00:00:03]} Nxe5 {[%clk 00:07:26]} {[%emt 00:00:03]} 38. f4 {[%clk
00:09:47]} {[%emt 00:00:04]} Nc4 {[%clk 00:07:35]} {[%emt 00:00:01]} 39. f5
{[%clk 00:09:52]} {[%emt 00:00:06]} Nxa3 {[%clk 00:07:43]} {[%emt 00:00:02]} 40.
f6 {[%clk 00:09:59]} {[%emt 00:00:02]} gxf6 {[%clk 00:07:51]} {[%emt 00:00:02]}
41. Kg4 {[%clk 00:10:09]} Nc2 {[%clk 00:07:52]} {[%emt 00:00:10]} 42. Kh5
{[%clk 00:10:17]} {[%emt 00:00:02]} Kg7 {[%clk 00:07:55]} {[%emt 00:00:07]} 43.
Kg4 {[%clk 00:10:22]} {[%emt 00:00:06]} Nxb4 {[%clk 00:08:03]} {[%emt
00:00:03]} 44. Kf4 {[%clk 00:10:31]} a5 {[%clk 00:08:11]} {[%emt 00:00:03]} 45.
Ke3 {[%clk 00:10:37]} {[%emt 00:00:03]} a4 {[%clk 00:08:20]} {[%emt 00:00:01]}
46. Kd2 {[%clk 00:10:47]} a3 {[%clk 00:08:29]} {[%emt 00:00:02]} 47. Kc3 {[%clk
00:10:56]} a2 {[%clk 00:08:35]} {[%emt 00:00:04]} 48. Kb2 {[%clk 00:11:05]}
Nd3+ {[%clk 00:08:38]} {[%emt 00:00:08]} 49. Kxa2 {[%clk 00:11:12]} {[%emt
00:00:03]} Nxf2 {[%clk 00:08:46]} {[%emt 00:00:01]} 50. Kb3 {[%clk 00:11:21]}
{[%emt 00:00:02]} Ne4 {[%clk 00:08:50]} {[%emt 00:00:06]} 51. Kb4 {[%clk
00:11:28]} {[%emt 00:00:03]} Nd6 {[%clk 00:08:59]} {[%emt 00:00:01]} 52. Kc5
{[%clk 00:11:36]} {[%emt 00:00:01]} Kh6 {[%clk 00:09:07]} {[%emt 00:00:02]} 53.
h5 {[%clk 00:11:17]} {[%emt 00:00:29]} Kxh5 {[%clk 00:09:10]} {[%emt 00:00:07]}
54. Kxd6 {[%clk 00:11:26]} {[%emt 00:00:01]} b4 {[%clk 00:09:18]} {[%emt
00:00:02]} 55. Ke7 {[%clk 00:11:35]} b3 {[%clk 00:09:27]} {[%emt 00:00:01]} 56.
Kf8 {[%clk 00:11:44]} {[%emt 00:00:01]} b2 {[%clk 00:09:36]} 57. Kg7 {[%clk
00:11:53]} {[%emt 00:00:02]} b1=Q {[%clk 00:09:42]} {[%emt 00:00:04]} 58. Kf8
{[%clk 00:11:57]} {[%emt 00:00:06]} f5 {[%clk 00:09:47]} {[%emt 00:00:04]} 59.
Kg8 {[%clk 00:12:02]} {[%emt 00:00:05]} Qb7 {[%clk 00:09:36]} {[%emt 00:00:22]}
60. Kg7 {[%clk 00:12:03]} {[%emt 00:00:09]} Kg5 {[%clk 00:09:41]} {[%emt
00:00:04]} 61. Kxh7 {[%clk 00:12:09]} {[%emt 00:00:04]} f6+ {[%emt 00:00:05]}
62. Kg8 {[%clk 00:12:18]} Kg6 {[%clk 00:09:53]} {[%emt 00:00:04]} 0-1

[Event "Kadettlandskamp NOR-SWE A 2018"]
[Site "NTG, Bærum, Norway"]
[Date "2018.12.15"]
[Round "4.6"]
[White "Vestby-Ellingsen, Mads"]
[Black "Wernberg, Hugo"]
[Result "1/2-1/2"]
[WhiteTitle "FM"]
[WhiteFideId "1520857"]
[BlackFideId "1737511"]
[WhiteElo "2009"]
[BlackElo "1796"]

1. e4 {[%clk 00:15:16]} {[%emt 00:00:03]} c5 {[%clk 00:15:19]} {[%emt
00:00:02]} 2. Nf3 {[%clk 00:15:24]} {[%emt 00:00:02]} g6 {[%clk 00:15:28]} 3.
c3 {[%clk 00:15:29]} {[%emt 00:00:06]} Bg7 {[%clk 00:15:37]} {[%emt 00:00:02]}
4. d4 {[%clk 00:15:35]} {[%emt 00:00:03]} cxd4 {[%clk 00:15:46]} {[%emt
00:00:02]} 5. cxd4 {[%clk 00:15:43]} {[%emt 00:00:02]} d5 {[%clk 00:15:55]}
{[%emt 00:00:01]} 6. e5 {[%clk 00:14:51]} {[%emt 00:01:01]} Nc6 {[%clk
00:15:39]} {[%emt 00:00:26]} 7. h3 {[%clk 00:14:50]} {[%emt 00:00:11]} Nh6
{[%clk 00:15:42]} {[%emt 00:00:07]} 8. Be2 {[%clk 00:14:04]} {[%emt 00:00:56]}
O-O {[%clk 00:15:45]} {[%emt 00:00:07]} 9. O-O {[%clk 00:14:07]} {[%emt
00:00:06]} f6 {[%clk 00:15:49]} {[%emt 00:00:05]} 10. exf6 {[%clk 00:13:51]}
{[%emt 00:00:26]} Rxf6 {[%clk 00:15:53]} {[%emt 00:00:07]} 11. Nc3 {[%clk
00:13:39]} {[%emt 00:00:22]} Rf8 {[%clk 00:15:38]} {[%emt 00:00:25]} 12. Be3
{[%clk 00:12:42]} {[%emt 00:01:06]} Nf5 {[%clk 00:15:42]} {[%emt 00:00:07]} 13.
Rc1 {[%clk 00:12:43]} {[%emt 00:00:09]} h6 {[%clk 00:13:18]} {[%emt 00:02:35]}
14. Nxd5 {[%clk 00:11:56]} {[%emt 00:00:56]} Be6 {[%clk 00:12:49]} {[%emt
00:00:39]} 15. Nf4 {[%clk 00:11:47]} {[%emt 00:00:19]} Bf7 {[%clk 00:12:58]}
{[%emt 00:00:02]} 16. Bc4 {[%clk 00:09:54]} {[%emt 00:02:02]} Nfxd4 {[%clk
00:11:23]} {[%emt 00:01:44]} 17. Nxd4 {[%clk 00:09:27]} {[%emt 00:00:39]} Nxd4
{[%clk 00:10:41]} {[%emt 00:00:51]} 18. Nxg6 {[%clk 00:08:54]} {[%emt
00:00:43]} Re8 {[%clk 00:09:32]} {[%emt 00:01:20]} 19. Bxf7+ {[%clk 00:08:35]}
{[%emt 00:00:29]} Kxf7 {[%clk 00:09:40]} {[%emt 00:00:03]} 20. Qh5 {[%clk
00:07:56]} {[%emt 00:00:48]} Kg8 {[%clk 00:09:29]} {[%emt 00:00:21]} 21. Rcd1
{[%clk 00:04:18]} {[%emt 00:03:48]} e5 {[%clk 00:09:20]} {[%emt 00:00:20]} 22.
Bxh6 {[%clk 00:04:02]} {[%emt 00:00:26]} Bxh6 {[%clk 00:09:18]} {[%emt
00:00:13]} 23. Qxh6 {[%clk 00:04:08]} {[%emt 00:00:04]} Qf6 {[%clk 00:09:24]}
{[%emt 00:00:04]} 24. Qh5 {[%clk 00:04:08]} {[%emt 00:00:10]} Re6 {[%clk
00:08:42]} {[%emt 00:00:51]} 25. Nh4 {[%clk 00:02:21]} {[%emt 00:01:59]} Re7
{[%clk 00:08:26]} {[%emt 00:00:25]} 26. Qg6+ {[%clk 00:02:10]} {[%emt
00:00:21]} Qxg6 {[%clk 00:08:27]} {[%emt 00:00:10]} 27. Nxg6 {[%clk 00:02:17]}
{[%emt 00:00:03]} Re6 {[%clk 00:08:31]} {[%emt 00:00:05]} 28. Nh4 {[%clk
00:02:17]} {[%emt 00:00:10]} Rh6 {[%clk 00:08:16]} {[%emt 00:00:26]} 29. g3
{[%clk 00:02:24]} {[%emt 00:00:03]} Rc8 {[%clk 00:07:58]} {[%emt 00:00:27]} 30.
Rfe1 {[%clk 00:00:20]} {[%emt 00:02:15]} Rxh4 {[%clk 00:07:51]} {[%emt
00:00:16]} 31. gxh4 {[%clk 00:00:28]} {[%emt 00:00:03]} Nf3+ {[%clk 00:08:00]}
{[%emt 00:00:02]} 32. Kg2 {[%clk 00:00:36]} {[%emt 00:00:01]} Nxe1+ {[%clk
00:08:08]} {[%emt 00:00:02]} 33. Rxe1 {[%clk 00:00:43]} {[%emt 00:00:03]} Rc2
{[%clk 00:08:16]} {[%emt 00:00:02]} 34. Rxe5 {[%clk 00:00:36]} {[%emt
00:00:18]} Rxb2 {[%clk 00:08:20]} {[%emt 00:00:04]} 35. a4 {[%clk 00:00:40]}
{[%emt 00:00:06]} Rb4 {[%clk 00:07:51]} {[%emt 00:00:39]} 36. Rg5+ {[%clk
00:00:46]} {[%emt 00:00:04]} Kf7 {[%clk 00:07:46]} {[%emt 00:00:13]} 37. Rg4
{[%clk 00:00:35]} {[%emt 00:00:25]} a5 {[%clk 00:07:11]} {[%emt 00:00:44]} 38.
Kf3 {[%clk 00:00:13]} {[%emt 00:00:32]} Rb3+ {[%clk 00:07:14]} {[%emt
00:00:07]} 39. Kg2 {[%clk 00:00:19]} {[%emt 00:00:04]} Rb4 {[%clk 00:07:22]}
{[%emt 00:00:01]} 40. Kf3 {[%emt 00:00:19]} Rb3+ {[%clk 00:07:21]} {[%emt
00:00:09]} 41. Ke4 {[%clk 00:00:14]} {[%emt 00:00:07]} Rxh3 {[%clk 00:07:14]}
{[%emt 00:00:18]} 42. f4 {[%clk 00:00:11]} {[%emt 00:00:13]} Ra3 {[%clk
00:07:07]} {[%emt 00:00:16]} 43. h5 {[%clk 00:00:13]} {[%emt 00:00:10]} Rxa4+
{[%clk 00:07:09]} {[%emt 00:00:08]} 44. Ke5 {[%clk 00:00:15]} {[%emt 00:00:08]}
Ra1 {[%clk 00:06:52]} {[%emt 00:00:26]} 45. Rh4 {[%clk 00:00:12]} {[%emt
00:00:14]} a4 {[%clk 00:06:48]} {[%emt 00:00:14]} 46. h6 {[%clk 00:00:21]}
{[%emt 00:00:02]} Kg8 {[%clk 00:06:56]} {[%emt 00:00:01]} 47. h7+ {[%clk
00:00:12]} {[%emt 00:00:19]} Kh8 {[%clk 00:07:05]} 48. f5 {[%clk 00:00:18]}
{[%emt 00:00:05]} Re1+ {[%emt 00:00:43]} 49. Kf6 {[%clk 00:00:25]} {[%emt
00:00:02]} a3 {[%clk 00:06:32]} {[%emt 00:00:11]} 50. Ra4 {[%clk 00:00:27]}
{[%emt 00:00:07]} Ra1 {[%clk 00:04:56]} {[%emt 00:01:46]} 51. Ra8+ {[%clk
00:00:13]} {[%emt 00:00:25]} Kxh7 {[%clk 00:05:00]} {[%emt 00:00:07]} 52. Ra7
{[%clk 00:00:21]} a2 {[%clk 00:04:24]} {[%emt 00:00:46]} 53. Rxb7+ {[%clk
00:00:29]} {[%emt 00:00:02]} Kg8 {[%clk 00:04:28]} {[%emt 00:00:06]} 54. Rb8+
{[%clk 00:00:25]} {[%emt 00:00:14]} Kh7 {[%clk 00:04:35]} {[%emt 00:00:03]} 55.
Ra8 {[%clk 00:00:27]} {[%emt 00:00:07]} Rb1 {[%clk 00:04:12]} {[%emt 00:00:32]}
56. Ra7+ {[%clk 00:00:23]} {[%emt 00:00:14]} Kg8 {[%clk 00:04:06]} {[%emt
00:00:15]} 57. Ra8+ {[%clk 00:00:28]} {[%emt 00:00:06]} Kh7 {[%clk 00:04:13]}
{[%emt 00:00:04]} 58. Rxa2 {[%clk 00:00:34]} {[%emt 00:00:04]} Rb6+ {[%clk
00:03:55]} {[%emt 00:00:28]} 59. Ke7 {[%clk 00:00:36]} {[%emt 00:00:08]} Rb7+
{[%clk 00:03:41]} {[%emt 00:00:23]} 60. Ke6 {[%clk 00:00:28]} {[%emt 00:00:18]}
Rb6+ {[%clk 00:03:48]} {[%emt 00:00:04]} 61. Ke5 {[%clk 00:00:22]} {[%emt
00:00:16]} Rb5+ {[%clk 00:03:51]} {[%emt 00:00:06]} 62. Kf4 {[%clk 00:00:26]}
{[%emt 00:00:07]} Kg7 {[%clk 00:03:25]} {[%emt 00:00:34]} 63. Ra6 {[%clk
00:00:30]} {[%emt 00:00:07]} Rb1 {[%clk 00:03:18]} {[%emt 00:00:17]} 64. Rg6+
{[%clk 00:00:17]} {[%emt 00:00:23]} Kf7 {[%clk 00:03:24]} {[%emt 00:00:04]} 65.
Rg3 {[%clk 00:00:23]} {[%emt 00:00:05]} Rf1+ {[%clk 00:03:26]} {[%emt
00:00:05]} 66. Kg5 {[%clk 00:00:31]} {[%emt 00:00:04]} Rb1 {[%clk 00:03:31]}
{[%emt 00:00:04]} 67. Rg2 {[%clk 00:00:25]} {[%emt 00:00:17]} Ra1 {[%clk
00:03:33]} {[%emt 00:00:07]} 68. Kg4 {[%clk 00:00:28]} {[%emt 00:00:08]} Ra4+
{[%clk 00:03:33]} {[%emt 00:00:10]} 69. Kg5 {[%clk 00:00:29]} {[%emt 00:00:09]}
Ra1 {[%clk 00:03:39]} {[%emt 00:00:04]} 70. Re2 {[%clk 00:00:31]} {[%emt
00:00:08]} Rg1+ {[%clk 00:03:45]} {[%emt 00:00:05]} 71. Kf4 {[%clk 00:00:39]}
{[%emt 00:00:02]} Rf1+ {[%clk 00:03:52]} {[%emt 00:00:03]} 72. Ke5 {[%clk
00:00:47]} {[%emt 00:00:02]} Ra1 {[%clk 00:03:59]} {[%emt 00:00:03]} 73. Re3
{[%clk 00:00:21]} {[%emt 00:00:36]} Rb1 {[%clk 00:04:03]} {[%emt 00:00:06]} 74.
Re2 {[%clk 00:00:11]} {[%emt 00:00:21]} Ra1 {[%clk 00:04:08]} {[%emt 00:00:04]}
75. Re3 {[%clk 00:00:18]} {[%emt 00:00:03]} Rb1 {[%clk 00:04:15]} {[%emt
00:00:04]} 76. Rg3 {[%clk 00:00:24]} {[%emt 00:00:04]} Re1+ {[%clk 00:04:21]}
{[%emt 00:00:03]} 77. Kf4 {[%clk 00:00:31]} {[%emt 00:00:02]} Rf1+ {[%clk
00:04:29]} {[%emt 00:00:02]} 78. Kg4 {[%clk 00:00:39]} {[%emt 00:00:02]} Ra1
{[%clk 00:04:35]} {[%emt 00:00:04]} 79. Rb3 {[%clk 00:00:43]} {[%emt 00:00:07]}
Rg1+ {[%clk 00:04:41]} {[%emt 00:00:04]} 80. Kf3 {[%clk 00:00:50]} {[%emt
00:00:03]} Rf1+ {[%clk 00:04:49]} {[%emt 00:00:03]} 81. Ke4 {[%clk 00:00:56]}
{[%emt 00:00:04]} Re1+ {[%clk 00:04:56]} {[%emt 00:00:02]} 82. Re3 {[%clk
00:00:50]} {[%emt 00:00:17]} Rxe3+ {[%clk 00:04:54]} {[%emt 00:00:12]} 83. Kxe3
{[%clk 00:00:58]} {[%emt 00:00:03]} Kf6 {[%clk 00:05:03]} {[%emt 00:00:02]} 84.
Ke4 {[%clk 00:01:06]} {[%emt 00:00:02]} Kf7 {[%clk 00:05:11]} {[%emt 00:00:03]}
85. Kf3 {[%clk 00:01:14]} {[%emt 00:00:02]} Kf6 {[%clk 00:05:19]} {[%emt
00:00:01]} 86. Kf4 {[%clk 00:01:23]} {[%emt 00:00:01]} Kf7 {[%clk 00:05:27]}
{[%emt 00:00:02]} 87. Ke5 {[%clk 00:01:31]} {[%emt 00:00:02]} Ke7 {[%clk
00:05:36]} {[%emt 00:00:02]} 88. f6+ {[%clk 00:01:39]} {[%emt 00:00:02]} Kf7
{[%clk 00:05:44]} {[%emt 00:00:02]} 89. Kf5 {[%clk 00:01:48]} {[%emt 00:00:02]}
Kf8 {[%clk 00:05:51]} {[%emt 00:00:03]} 90. Kg4 {[%clk 00:01:56]} {[%emt
00:00:02]} Kf7 {[%clk 00:05:59]} {[%emt 00:00:02]} 91. Kg5 {[%clk 00:02:04]}
{[%emt 00:00:01]} Kf8 {[%clk 00:06:07]} {[%emt 00:00:02]} 92. Kg6 {[%clk
00:02:12]} {[%emt 00:00:02]} Kg8 {[%clk 00:06:16]} {[%emt 00:00:02]} 93. f7+
{[%clk 00:02:20]} {[%emt 00:00:02]} Kf8 {[%clk 00:06:24]} {[%emt 00:00:02]} 94.
Kf6 {[%clk 00:02:27]} {[%emt 00:00:02]} 1/2-1/2